|
|
|
|
| LEADER |
00000nam1a2200000 4500 |
| 001 |
291877 |
| 005 |
20231102000433.0 |
| 020 |
|
|
|a RU
|b 84-7857
|
| 035 |
|
|
|a (RuTPU)RU\TPU\book\316468
|
| 090 |
|
|
|a 291877
|
| 100 |
|
|
|a 20150417d1983 k y0rusy5003 ca
|
| 101 |
0 |
|
|a rus
|
| 102 |
|
|
|a UZ
|
| 200 |
1 |
|
|a Численные методы решения дифференциально-разностных уравнений в параллелепипеде, шаре и цилиндре
|f С. Каримбердиева
|g Академия наук Узбекской ССР (АН УзССР)
|
| 210 |
|
|
|a Ташкент
|c Фан
|d 1983
|
| 215 |
|
|
|a 113 с.
|
| 320 |
|
|
|a Библиогр.: с. 111-112
|
| 606 |
|
|
|a Дифференциальные уравнения
|x Решение
|x Численные методы
|2 stltpush
|3 (RuTPU)RU\TPU\subj\9701
|9 36882
|
| 610 |
1 |
|
|a уравнение Пуассона
|
| 610 |
1 |
|
|a уравнение теплопроводности
|
| 610 |
1 |
|
|a параболические уравнения
|
| 610 |
1 |
|
|a геопотенциал
|
| 610 |
1 |
|
|a прогноз
|
| 675 |
|
|
|a 519.62
|v 3
|
| 700 |
|
1 |
|a Каримбердиева
|b С.
|g Саломат
|
| 712 |
0 |
2 |
|a Академия наук Узбекской ССР (АН УзССР)
|c (Ташкент)
|2 stltpush
|3 (RuTPU)RU\TPU\col\1343
|
| 801 |
|
0 |
|a RU
|b RuMRKP
|c 19950704
|g psbo
|
| 801 |
|
1 |
|a RU
|b 63413507
|c 20150417
|
| 801 |
|
2 |
|a RU
|b 63413507
|c 20181214
|g RCR
|
| 942 |
|
|
|c BK
|